000 00810cab a2200205 4500
001 WB2542-17
008 090401t1989 xxu||||| |||| 00| 0 eng d
035 _a(Sirsi) u71262
041 _aeng
245 _aSevern barrage study
260 _c1989
350 _a0
490 _aTimes
_v23/10/89 p24 Daily Telegraph 24/10/89 p9
520 _aA study by the Severn Tidal Power Group funded by the Department of Energy and a consortium of civil engineering companies, claims that the proposed 10 mile barrage across the Severn Estuary could produce more than 6% of Britain`s electricity and substantially cut the UK`s contribution to the greenhouse effect .
650 _aOZONE LAYER
650 _aTIDAL POWER
690 _aENVIRONMENTAL AND LAND CONSULTANCY-ENERGY
942 _n0
948 _c04/03/1997
999 _c44902
_d44902